Thiết kế và thi công tường chắn đất có cốt

Na minha lista:
Detalhes bibliográficos
Autor principal: Dương, Ngọc Hải
Formato: Livro
Idioma:Undetermined
Publicado em: Hà Nội Xây dựng 2004
Assuntos:
Tags: Adicionar Tag
Sem tags, seja o primeiro a adicionar uma tag!
Thư viện lưu trữ: Trung tâm Học liệu Trường Đại học Cần Thơ
LEADER 00605nam a2200193Ia 4500
001 CTU_73914
008 210402s9999 xx 000 0 und d
020 |b 22000 
082 |a 624.164 
082 |b H103 
100 |a Dương, Ngọc Hải 
245 0 |a Thiết kế và thi công tường chắn đất có cốt 
245 0 |c Dương Ngọc Hải 
260 |a Hà Nội 
260 |b Xây dựng 
260 |c 2004 
650 |a Civil engineering,Retaining walls,Structural engineering 
904 |i Năm, QHieu 
980 |a Trung tâm Học liệu Trường Đại học Cần Thơ